000 00296nam a22001097a 4500
008 170110b xxu||||| |||| 00| 0 eng d
020 _a9780766836297
041 _aeng
080 _22ND
_a618.2
245 _aETHICS & ISSUES IN CONTEMPORARY NURSING
_cBURKHARDT, M.A & NATHANIEL, A.K
942 _2udc
_cBK
999 _c2608
_d2608